| 000 | 01040nas a2200337 4500 | ||
|---|---|---|---|
| 001 | BR0304648 | ||
| 003 | BR-BrBNA | ||
| 005 | 20231205104056.0 | ||
| 007 | ta | ||
| 008 | 230509b bl.|||p| |||| 00| 00por d | ||
| 040 |
_aBR-BrBNA _bpor _cBiblioteca Nacional de Agricultura |
||
| 041 | _a(Pt) | ||
| 072 | _aL10 | ||
| 100 | 1 | _aSousa, C.S. de | |
| 100 | 1 | _aKerr, W.E. | |
| 100 | 1 | _aBonetti, A.M. | |
| 100 | 1 | _aSouza, C.S. de | |
| 100 | 1 | _aSantana, F.A. | |
| 100 | 1 | _aGoulart, L.R. | |
| 100 | 1 | _aOliveira, R. de C. | |
| 100 | 1 | _aVieira, C.U. | |
| 100 | 1 | _aVasconcelos, S.M. | |
| 245 | 1 | _aComparação das técnicas de SSCP, DS-PCR, PCR-RFLP para detecção de mutação no gene mitocondrial 16S RRNA em populações de Melipona rufiventris | |
| 650 | _aABELHA | ||
| 650 | _aMUTAÇÃO | ||
| 650 | _aMARCADOR MOLECULAR | ||
| 650 | _aMITOCONDRIA | ||
| 773 | 0 |
_tBioscience Journal (Brazil) _xISSN 1516-3725 _g(Jan-Apr 2003), v. 19(1) p. 65-70 _wBR0304648 |
|
| 909 |
_a202311 _bLúcia _c55 _dLúcia Elande |
||
| 942 |
_2AGRIS _n0 _cANA |
||
| 999 |
_c176215 _d176215 |
||